书目信息 |
| 题名: |
污染控制微生物生态学
|
|
| 作者: | 李建政 , 任南琪 主编 | |
| 分册: | ||
| 出版信息: | 哈尔滨 哈尔滨工业大学出版社 2005.07 |
|
| 页数: | 307页 | |
| 开本: | 26cm | |
| 丛书名: | ||
| 单 册: | ||
| 中图分类: | Q938.1 , X5 | |
| 科图分类: | ||
| 主题词: | 环境污染--huan jing wu ran--污染防治--生物技术--应用 , 微生物生态学--wei sheng wu sheng tai xue--污染控制 | |
| 电子资源: | ||
| ISBN: | 7-5603-2172-0 | |
| 000 | 01101nam0 2200277 450 | |
| 001 | 012006110481 | |
| 005 | 20070510094706.26 | |
| 010 | @a7-5603-2172-0@dCNY26.00 | |
| 100 | @a20060302d2005 km y0chiy0121 ea | |
| 101 | 0 | @achi |
| 102 | @aCN@b230000 | |
| 105 | @aa a 000yy | |
| 200 | 1 | @a污染控制微生物生态学@Awu ran kong zhi wei sheng wu sheng tai xue@f李建政, 任南琪主编@Fli jian zheng,ren nan qi zhu bian |
| 210 | @a哈尔滨@c哈尔滨工业大学出版社@d2005.07 | |
| 215 | @a307页@c图@d26cm | |
| 300 | @a市政与环境工程系列研究生教材 | |
| 320 | @a有书目 (第306-307页) | |
| 330 | @a本书系统介绍了生态系统、种群生态学、群落生态学、环境因子对微生物的生态作用、微生物在生物圈地球化学变化中的作用等一般生态学知识和基本原理;讲解了污染环境微生物生态学和水体及土壤污染与自净的生态学原理等。 | |
| 606 | 0 | @a环境污染@Ahuan jing wu ran@x污染防治@x生物技术@x应用 |
| 606 | 0 | @a微生物生态学@Awei sheng wu sheng tai xue@x污染控制 |
| 690 | @aQ938.1@v4 | |
| 690 | @aX5@v4 | |
| 701 | 0 | @a李建政@Ali jian zheng@4主编 |
| 701 | 0 | @a任南琪@Aren nan qi@4主编 |
| 801 | 0 | @aCN@c20070510 |
| 905 | @a10447@dX5@eL189 | |
| 污染控制微生物生态学/李建政, 任南琪主编.-哈尔滨:哈尔滨工业大学出版社,2005.07 |
| 307页:图;26cm |
| 市政与环境工程系列研究生教材 |
| ISBN 7-5603-2172-0:CNY26.00 |
| 本书系统介绍了生态系统、种群生态学、群落生态学、环境因子对微生物的生态作用、微生物在生物圈地球化学变化中的作用等一般生态学知识和基本原理;讲解了污染环境微生物生态学和水体及土壤污染与自净的生态学原理等。 |
| ● |
| 相关链接 |
|
|
|
正题名:污染控制微生物生态学
索取号:X5/L189
 
预约/预借
| 序号 | 登录号 | 条形码 | 馆藏地/架位号 | 状态 | 备注 |
| 1 | 239839 | 202398397 | 期刊室512/501自科库 67排7列2层/ [索取号:X5/L189] | 在馆 | |
| 2 | 239840 | 202398404 | 期刊室512/501自科库 67排7列3层/ [索取号:X5/L189] | 在馆 | |
| 3 | 239841 | 202398413 | 期刊室512/501自科库 67排7列3层/ [索取号:X5/L189] | 在馆 | |
| 4 | 553142 | 205531423 | 自科库501/501自科库 97排1列5层/ [索取号:X5/L189] | 在馆 | |
| 5 | 553143 | 205531432 | 期刊室512/501自科库 67排7列3层/ [索取号:X5/L189] | 在馆 | |
| 6 | 553144 | 205531441 | 自科库501/501自科库 97排1列5层/ [索取号:X5/L189] | 在馆 | |
| 7 | 601915 | 206019155 | 自科库501/501自科库 97排1列5层/ [索取号:X5/L189] | 在馆 | |
| 8 | 601916 | 206019164 | 自科库501/501自科库 97排1列5层/ [索取号:X5/L189] | 在馆 | |
| 9 | 601917 | 206019173 | 自科库501/501自科库 97排1列5层/ [索取号:X5/L189] | 在馆 |